01248nam a2200253 a 450000100100000000500170001000800410002702000150006804000250008308200150010810000350012324500640015826000640022230000210028649000190030783000260032604900090035295201280036195201280048995201280061795201130074595201190085899900170097700001478420260305073950.0100122s2006 dr 001 0 spa d a9993499765 aDO-SdBNPbspacBNPHU axxxbM938r1 aMoya Pons, Frank,d1944-9209514aLos restos de Colón :bbibliografía /cFrank Moya Pons. aSanto Domingo :bAcademia Dominicana de la Historia,c2006. a101 p. ;c22 cm.1 aDocumentosv39 0aDocumentosn39933507 aBNPD 001054708DSaGRbGRcCTd2010-01-22iLF1l0oxxx M938rp14784-30r2020-06-25te. 3w2020-06-25yLFDSZPréstamo en sala 001054708DSaGRbGRcCTd2010-01-22iLF1l0oxxx M938rp14784-40r2020-06-25te. 4w2020-06-25yLFDSZPréstamo en sala 001054708DSaGRbGRcCTd2010-01-22iLF1l0oxxx M938rp14784-50r2020-06-25te. 5w2020-06-25yLFDSZPréstamo en sala 0010718PDaPDbPDcHDd2010-01-22iLF1l0oxxx M938rp14784-10r2020-06-25w2020-06-25yLFPDZNo se presta 0010718PDaPDbPDcCTd2010-01-22iLF1l0oxxx M938rp14784-20r2020-06-25te. 2w2020-06-25yLFPDZNo se presta c14366d14366